000 00666nam a2200241Ia 4500
003 OSt
005 20221005074153.0
006 a|||||r|||| 00| 0
007 ta
008 221004b |||||||| |||| 00| 0 eng d
024 _a57491
037 _cTextual
040 _aCRL
_cCRL
_beng
041 _2eng
_aeng
082 _aV2:1944Q7(zM).K65, N1
100 _aHarbakhsh Singh
_9608624
245 0 _aWar despatches
_b Indo-Pak conflict 1965
260 _aNew Delhi
_bLancer International
_c1991
300 _a216p.
_ccm.
650 _aHISTORY
942 _hV2:1944Q7(zM).K65, N1
_cTEXL
_2cc
999 _c982291
_d982291